Электрохимические методы исследования в термодинамике металлических систем

Bibliographic Details
Other Authors: Морачевский А. Г. Андрей Георгиевич, Воронин Г. Ф. Геннадий Федорович, Гейдерих В. А. Всеволод Андреевич, Куценок И. Б. Илья Борисович
Summary:Рассмотрены электрохимические методы исследования металлических систем. Изложены теоретические основы методов, техника эксперимента, обработка результатов. Особое внимание уделено применению твердых электролитрв, динамическим электрохимическим методам (мгновенного фиксирование ЭДС, стационарных вольтамперных кривых, хронопотенциометрическому), кулонометрическому синтезу сплавов систем. Изложены теоретические основы методов, техника эксперимента, обработка результатов. Особое внимание уделено применению твердых электролитов, динамическим электрохимическим методам (мгновенного фиксирования ЭДС, стационарных вольтампериых кривых, хронопотенциометрическому), кулонометрическому синтезу сплавов. Проведен анализ возможных погрешностей методов.
Language:Russian
Published: Москва, Академкнига, 2003
Subjects:
Format: Book
KOHA link:https://koha.lib.tpu.ru/cgi-bin/koha/opac-detail.pl?biblionumber=76295

MARC

LEADER 00000nam0a2200000 4500
001 76295
005 20231101212851.0
010 |a 5946280643 
035 |a (RuTPU)RU\TPU\book\81560 
090 |a 76295 
100 |a 20050415d2003 k y0rusy50 ca 
101 0 |a rus 
102 |a RU 
105 |a a z 001zy 
200 1 |a Электрохимические методы исследования в термодинамике металлических систем  |f А. Г. Морачевский [и др.] 
210 |a Москва  |c Академкнига  |d 2003 
215 |a 334 с.  |c ил. 
320 |a Библиогр.: с. 295-332. 
330 |a Рассмотрены электрохимические методы исследования металлических систем. Изложены теоретические основы методов, техника эксперимента, обработка результатов. Особое внимание уделено применению твердых электролитрв, динамическим электрохимическим методам (мгновенного фиксирование ЭДС, стационарных вольтамперных кривых, хронопотенциометрическому), кулонометрическому синтезу сплавов систем. Изложены теоретические основы методов, техника эксперимента, обработка результатов. Особое внимание уделено применению твердых электролитов, динамическим электрохимическим методам (мгновенного фиксирования ЭДС, стационарных вольтампериых кривых, хронопотенциометрическому), кулонометрическому синтезу сплавов. Проведен анализ возможных погрешностей методов. 
606 1 |a Металлургические процессы  |x Термодинамика  |2 stltpush  |3 (RuTPU)RU\TPU\subj\42932  |9 62539 
610 1 |a металлургия 
610 1 |a металлы 
610 1 |a сплавы 
610 1 |a расплавленные электролиты 
610 1 |a эксперименты 
610 1 |a термодинамические свойства 
610 1 |a электрохимические методы 
610 1 |a метод ЭДС 
610 1 |a электродвижущие силы 
610 1 |a применение 
610 1 |a экспериментальные результаты 
610 1 |a обработка 
675 |a 669.01  |v 3 
701 1 |a Морачевский  |b А. Г.  |g Андрей Георгиевич 
701 1 |a Воронин  |b Г. Ф.  |g Геннадий Федорович 
701 1 |a Гейдерих  |b В. А.  |g Всеволод Андреевич 
701 1 |a Куценок  |b И. Б.  |g Илья Борисович 
801 1 |a RU  |b 63413507  |c 20050415  |g PSBO 
801 2 |a RU  |b 63413507  |c 20201103  |g PSBO 
942 |c BK